| 000 | 00383nam a22001457a 4500 | ||
|---|---|---|---|
| 999 |
_c4487 _d4487 |
||
| 008 | 200806b ||||| |||| 00| 0 eng d | ||
| 082 | 0 | 0 |
_a621.433 _bC8771 |
| 100 |
_93583 _a Cox, H. R. |
||
| 245 | 1 | 0 |
_aGas turbine principles and practice _cby H. R. Cox |
| 260 |
_aLondon _bGeorge Newnes Limited _c1955 |
||
| 300 | _a120 p. | ||
| 365 | _d58.50 | ||
| 650 | 0 | _aGas Turbines | |
| 942 | _cBK | ||